Nulidad del matrimonio y la reapertura judicial de un debate que parecía de otro tiempo / (Registro nro. 5740)
[ vista simple ]
| 000 -LEADER | |
|---|---|
| fixed length control field | 01243nab a22002417a 4500 |
| 003 - CONTROL NUMBER IDENTIFIER | |
| control field | OSt |
| 005 - DATE AND TIME OF LATEST TRANSACTION | |
| control field | 20260101201630.0 |
| 008 - FIXED-LENGTH DATA ELEMENTS--GENERAL INFORMATION | |
| fixed length control field | 190514b xxu||||| |||| 00| 0 spa d |
| 040 ## - CATALOGING SOURCE | |
| Transcribing agency | PJ |
| 100 ## - MAIN ENTRY--PERSONAL NAME | |
| 9 (RLIN) | 4325 |
| Personal name | Tavip, Gabriel Eugenio |
| 245 10 - TITLE STATEMENT | |
| Title | Nulidad del matrimonio y la reapertura judicial de un debate que parecía de otro tiempo / |
| Statement of responsibility, etc | Gabriel E. Tavip. |
| 300 ## - PHYSICAL DESCRIPTION | |
| Extent | p. 24-42 |
| 500 ## - GENERAL NOTE | |
| General note | Cita: TR LALEY AR/DOC/456/2025. |
| 505 ## - FORMATTED CONTENTS NOTE | |
| Formatted contents note | Sumario: I. Introducción.— II. El caso.— III. Los fundamentos de ambos pronunciamientos.— IV. Las aristas generales de la cuestión planteada.— V. Algunas ideas finales. <br/> |
| 505 ## - FORMATTED CONTENTS NOTE | |
| Formatted contents note | Fallo comentado: CCiv. y Com., Lomas de Zamora, sala II ~ 17/09/2024 ~ W., M. G. c. Z., M. E. s/ nulidad acto jurídico.<br/> |
| 505 ## - FORMATTED CONTENTS NOTE | |
| Formatted contents note | Fallo comentado: JCiv. y Com., Nro. 3, Lomas de Zamora ~ 09/11/2022 ~ W., M. G. c. Z., M. E. s/ nulidad acto jurídico. |
| 650 #0 - SUBJECT ADDED ENTRY--TOPICAL TERM | |
| 9 (RLIN) | 967 |
| Topical term or geographic name as entry element | DERECHO DE FAMILIA |
| 650 #0 - SUBJECT ADDED ENTRY--TOPICAL TERM | |
| 9 (RLIN) | 962 |
| Topical term or geographic name as entry element | MATRIMONIO |
| 650 #0 - SUBJECT ADDED ENTRY--TOPICAL TERM | |
| 9 (RLIN) | 1031 |
| Topical term or geographic name as entry element | NULIDAD DE MATRIMONIO |
| 650 #0 - SUBJECT ADDED ENTRY--TOPICAL TERM | |
| 9 (RLIN) | 1057 |
| Topical term or geographic name as entry element | JURISPRUDENCIA APLICABLE |
| 773 0# - HOST ITEM ENTRY | |
| Host Biblionumber | 2844 |
| Host Itemnumber | 3222 |
| Place, publisher, and date of publication | Buenos Aires : AbeledoPerrot, 1989- |
| Title | Derecho de familia. Revista Interdisciplinaria de doctrina y jurisprudencia. Abril 2025-II. |
| International Standard Book Number | 18511201 |
| 942 ## - ADDED ENTRY ELEMENTS (KOHA) | |
| Source of classification or shelving scheme | |
| Koha item type | Analítica Artículo de Revista |
No hay ítems disponibles.
